Ministry of culture and tourism of the republic of azerbaijan/ (Record no. 196779)

MARC details
000 -LEADER
fixed length control field 00656nam a22002177a 4500
005 - DATE AND TIME OF LATEST TRANSACTION
control field 20230731115800.0
008 - FIXED-LENGTH DATA ELEMENTS--GENERAL INFORMATION
fixed length control field 090225t xxu||||| |||| 00| 1 eng d
010 ## - LCCN (DPL NO)
LC control number ENG-137616
020 ## - INTERNATIONAL STANDARD BOOK NUMBER
International Standard Book Number 995221023
Terms of availability 100.00
035 ## - SYSTEM CONTROL NUMBER
System control number EN-121148
037 ## - SOURCE OF ACQUISITION
Source of stock number/acquisition DBAD/PUB
040 ## - CATALOGING SOURCE
Original cataloging agency DPL
Language of cataloging English
082 ## - DEWEY DECIMAL CLASSIFICATION NUMBER
Classification number 303.625
100 ## - MAIN ENTRY--PERSONAL NAME
9 (RLIN) 29133
Personal name Mammadava,havva
245 ## - TITLE STATEMENT
Title Ministry of culture and tourism of the republic of azerbaijan/
Statement of responsibility, etc by Havva mammadova
260 ## - PUBLICATION, DISTRIBUTION, ETC. (IMPRINT)
Place of publication, distribution, etc Baku
Name of publisher, distributor, etc House of tales
Date of publication, distribution, etc 2005
270 ## - ADDRESS
Address Azerbaijan 2006
City Baku
300 ## - PHYSICAL DESCRIPTION
Extent 248p.
Dimensions 20cm (pbk)
700 ## - ADDED ENTRY--PERSONAL NAME
9 (RLIN) 29136
Personal name P. Nagasuseela
942 ## - ADDED ENTRY ELEMENTS (KOHA)
Source of classification or shelving scheme Dewey Decimal Classification
Item type English Books
Call number suffix GOP
Classification part 882.009
Holdings
Withdrawn status Lost status Source of classification or shelving scheme Damaged status Not for loan Collection code Home library Current library Date acquired Source of acquisition Cost, normal purchase price Total Checkouts Full call number Barcode Date last seen Copy number Cost, replacement price Koha item type
    Dewey Decimal Classification     Non-fiction Kadipur Kadipur 31/07/2023 DBAB/PUB 100.00   882.009 GOP EN-121148 31/07/2023 1 100.00 English Books

© Delhi Public Library
Hit Counter
free hit counter